<?xml version="1.0" encoding="UTF-8"?>
<record
    xmlns:xsi="http://www.w3.org/2001/XMLSchema-instance"
    xsi:schemaLocation="http://www.loc.gov/MARC21/slim http://www.loc.gov/standards/marcxml/schema/MARC21slim.xsd"
    xmlns="http://www.loc.gov/MARC21/slim">

  <leader>00563nam a2200169Ia 4500</leader>
  <datafield tag="999" ind1=" " ind2=" ">
    <subfield code="c">4247</subfield>
    <subfield code="d">4247</subfield>
  </datafield>
  <controlfield tag="005">20210104143825.0</controlfield>
  <controlfield tag="008">201216s9999||||xx |||||||||||||| ||und||</controlfield>
  <datafield tag="040" ind1=" " ind2=" ">
    <subfield code="a">DAH</subfield>
    <subfield code="c">DAH</subfield>
  </datafield>
  <datafield tag="041" ind1=" " ind2=" ">
    <subfield code="a">spa</subfield>
  </datafield>
  <datafield tag="084" ind1=" " ind2=" ">
    <subfield code="a">DAH 0234</subfield>
  </datafield>
  <datafield tag="100" ind1="1" ind2=" ">
    <subfield code="a">Zolezzi Vel&#xE1;squez, Mario</subfield>
    <subfield code="9">4596</subfield>
  </datafield>
  <datafield tag="245" ind1="0" ind2="0">
    <subfield code="a">Historia de los puertos guaneros del litoral de Tarapac&#xE1; : hasta 1879</subfield>
    <subfield code="c">Mario Zolezzi Vel&#xE1;squez</subfield>
  </datafield>
  <datafield tag="260" ind1=" " ind2=" ">
    <subfield code="a">Iquique:</subfield>
    <subfield code="b">Centro de Investigaci&#xF3;n de la Realidad del Norte,</subfield>
    <subfield code="c">1993</subfield>
  </datafield>
  <datafield tag="650" ind1="0" ind2="4">
    <subfield code="a">Guano</subfield>
    <subfield code="x">Aspectos econ&#xF3;micos</subfield>
    <subfield code="y">1867- 1883</subfield>
    <subfield code="z">Per&#xFA;</subfield>
    <subfield code="9">5743</subfield>
  </datafield>
  <datafield tag="910" ind1=" " ind2=" ">
    <subfield code="a">gsm</subfield>
  </datafield>
  <datafield tag="942" ind1=" " ind2=" ">
    <subfield code="c">LIB</subfield>
    <subfield code="2">ddc</subfield>
  </datafield>
  <datafield tag="952" ind1=" " ind2=" ">
    <subfield code="0">0</subfield>
    <subfield code="1">0</subfield>
    <subfield code="2">ddc</subfield>
    <subfield code="4">0</subfield>
    <subfield code="7">0</subfield>
    <subfield code="a">DAH</subfield>
    <subfield code="b">DAH</subfield>
    <subfield code="c">GEN</subfield>
    <subfield code="d">2020-12-16</subfield>
    <subfield code="o">DAH 0234</subfield>
    <subfield code="p">DAH21010039</subfield>
    <subfield code="r">2020-12-16</subfield>
    <subfield code="w">2020-12-16</subfield>
    <subfield code="y">LIB</subfield>
  </datafield>
</record>
